000 00487nam a22001337a 4500
005 20241212104534.0
008 240924b ||||| |||| 00| 0 eng d
100 _aSumague, Lenny M.
_eauthor.
_961559
245 _aLesson plan in science and health 4 /
_cLenny M. Sumague.
260 _aPhilippines;
_bPublishers Association of the Philippines, Inc.,
_cJuly 2018.
300 _aVolume 66, pages 56-58,
_billustration.
700 _aSumague, Lenny M.
_eauthor.
_961559
942 _2ddc
_cPER
999 _c21824
_d21824